00604nam a2200205Ia 45000030006000000050017000060080041000230400009000640410012000730820018000851000016001032450031001192600020001503000008001705050021001786500065001999420007002649990017002719520110002880Nust20170105110300.0161124s9999 xx 000 0 und d cIGIS aEnglish a628.1 22bSHA aU.M .Shamsi aWhat S New in Arc VieW GIS aphot copyc2005 a343 aGIS Applications aGIS Applications for Water Wastewater and Stormwater Systems cBK c31133d31133 001040708TextaIGISbIGISd0000-00-00ephot copyl0o628.1 22SHApIGIS1041r2017-01-05w0000-00-00yBK